[Event "Klatovy op-A 23rd"]
[Site "Klatovy"]
[Date "2017.07.09"]
[Round "9"]
[White "Fox, Pierre"]
[Black "Novak, Jaromir"]
[Result "1/2-1/2"]
[WhiteElo "1761"]
[BlackElo "1849"]
[PlyCount "64"]
[EventDate "2017.07.01"]
[EventType "swiss"]
[EventRounds "9"]
[EventCountry "CZE"]
[SourceTitle "EXT 2018"]
[Source "ChessBase"]
[SourceDate "2017.10.13"]
[SourceVersion "1"]
[SourceVersionDate "2017.10.13"]
[SourceQuality "1"]

1. d4 d5 2. c4 c6 3. Nc3 Nf6 4. Nf3 e6 5. e3 Bd6 6. b3 0-0 7. Be2 Nbd7 8. 0-0 Ne4 9. Qc2 f5 10. a4 g5 11. Ba3 Bxa3 12. Rxa3 g4 13. Ne5 Nxc3 14. Qxc3 Nxe5 15. dxe5 a5 16. Rd1 Qe7 17. Raa1 Qb4 18. Qc2 Rf7 19. Rd4 Qc5 20. Rf4 Qe7 21. Rd1 b6 22. cxd5 cxd5 23. Qc6 Rb8 24. Rfd4 Bd7 25. Qc3 Rc8 26. Qb2 Rff8 27. g3 h5 28. h4 Qc5 29. R4d2 Qc3 30. Qb1 Qxe5 31. Rc1 Rxc1+ 32. Qxc1 Rc8 1/2-1/2

[Event "Klatovy op-A 23rd"]
[Site "Klatovy"]
[Date "2017.07.07"]
[Round "7"]
[White "Skypala, Ondrej"]
[Black "Novak, Jaromir"]
[Result "1/2-1/2"]
[WhiteElo "1685"]
[BlackElo "1849"]
[PlyCount "96"]
[EventDate "2017.07.01"]
[EventType "swiss"]
[EventRounds "9"]
[EventCountry "CZE"]
[SourceTitle "EXT 2018"]
[Source "ChessBase"]
[SourceDate "2017.10.13"]
[SourceVersion "1"]
[SourceVersionDate "2017.10.13"]
[SourceQuality "1"]

1. c4 Nf6 2. Nc3 g6 3. g3 Bg7 4. Bg2 d6 5. e4 e5 6. Nge2 Nc6 7. 0-0 0-0 8. d3 Ne8 9. f4 Nd4 10. Nxd4 exd4 11. Ne2 c5 12. f5 g5 13. g4 Be5 14. Ng3 f6 15. Nh5 Ng7 16. Bd2 Nxh5 17. gxh5 h6 18. Bh3 Bd7 19. Bg4 b5 20. cxb5 Kg7 21. a4 a6 22. bxa6 Rxa6 23. Qc2 Qa8 24. b3 Be8 25. Rfb1 Bf7 26. Bf3 Rb8 27. Kg2 Rb7 28. b4 cxb4 29. Rxb4 Rxb4 30. Bxb4 Qb8 31. Rb1 Rb6 32. Qd2 Qe8 33. a5 Rb5 34. Qd1 Qb8 35. a6 Rxb4 36. a7 Rxb1 37. axb8Q Rxb8 38. Qc2 Ra8 39. Qc7 Ra2+ 40. Kf1 Rxh2 41. Qe7 Ra2 42. Bd1 Ra1 43. Ke2 Rxd1 44. Kxd1 Kg8 45. Qd8+ Kg7 46. Qd7 Kg8 47. Qd8+ Kg7 48. Qd7 Kg8 1/2-1/2

[Event "Klatovy op-A 23rd"]
[Site "Klatovy"]
[Date "2017.07.06"]
[Round "6"]
[White "Novak, Jaromir"]
[Black "Hlozek, David"]
[Result "0-1"]
[WhiteElo "1849"]
[BlackElo "1890"]
[PlyCount "98"]
[EventDate "2017.07.01"]
[EventType "swiss"]
[EventRounds "9"]
[EventCountry "CZE"]
[SourceTitle "EXT 2018"]
[Source "ChessBase"]
[SourceDate "2017.10.13"]
[SourceVersion "1"]
[SourceVersionDate "2017.10.13"]
[SourceQuality "1"]

1. d4 d5 2. Nf3 Nf6 3. c4 dxc4 4. Qa4+ Nbd7 5. Qxc4 e6 6. Bg5 Be7 7. Nc3 a6 8. g3 b5 9. Qd3 Bb7 10. Bg2 c5 11. 0-0 0-0 12. Rfd1 cxd4 13. Nxd4 Bxg2 14. Kxg2 Qb6 15. Ne4 Ne5 16. Qb1 Qb7 17. Bxf6 Bxf6 18. Kg1 Be7 19. Nd2 Rfd8 20. Qe4 Qd5 21. Qxd5 Rxd5 22. N2f3 Rad8 23. Nxe5 Rxe5 24. Nf3 Rxd1+ 25. Rxd1 Rxe2 26. Rd2 Rxd2 27. Nxd2 Bf6 28. b3 Kf8 29. Kf1 Ke7 30. Nf3 Kd6 31. Ne1 Kd5 32. Nc2 Bc3 33. Ke2 e5 34. Kd3 Bd4 35. f3 a5 36. g4 g6 37. Nxd4 exd4 38. g5 Ke5 39. h4 Kd5 40. Kd2 Kc5 41. Kd3 Kb4 42. Kxd4 Ka3 43. Kc5 b4 44. Kb5 Kxa2 45. Ka4 Kb2 46. f4 Kc3 47. f5 gxf5 48. h5 f4 49. g6 fxg6 0-1

[Event "Wch Seniors 65 26th"]
[Site "Marianske Lazne"]
[Date "2016.11.27"]
[Round "8"]
[White "Novak, Jaromir"]
[Black "Kummer, Heinz"]
[Result "1/2-1/2"]
[WhiteElo "1843"]
[BlackElo "1702"]
[PlyCount "54"]
[EventDate "2016.11.19"]
[EventType "swiss"]
[EventRounds "11"]
[EventCountry "CZE"]
[SourceTitle "CBM 175 Extra"]
[Source "ChessBase"]
[SourceDate "2016.12.12"]
[SourceVersion "1"]
[SourceVersionDate "2016.12.12"]
[SourceQuality "1"]

1. d4 g6 2. c4 Bg7 3. Nc3 d6 4. e4 Nc6 5. Be3 e5 6. d5 Nce7 7. Bd3 Nh6 8. f3 f5 9. Nge2 a5 10. a3 0-0 11. Qd2 Nf7 12. 0-0 f4 13. Bf2 g5 14. b4 h5 15. Kh1 Ng6 16. Ng1 Nh6 17. Be2 g4 18. g3 h4 19. Rac1 axb4 20. axb4 b6 21. Ra1 Rxa1 22. Rxa1 hxg3 23. hxg3 fxg3 24. Bxg3 Nf4 25. Ra8 Qg5 26. fxg4 Nxg4 27. Bxg4 Qxg4 1/2-1/2

[Event "Wch Seniors 65 26th"]
[Site "Marianske Lazne"]
[Date "2016.11.22"]
[Round "4"]
[White "Borensztajn, David"]
[Black "Novak, Jaromir"]
[Result "1/2-1/2"]
[WhiteElo "2211"]
[BlackElo "1843"]
[PlyCount "44"]
[EventDate "2016.11.19"]
[EventType "swiss"]
[EventRounds "11"]
[EventCountry "CZE"]
[SourceTitle "CBM 175 Extra"]
[Source "ChessBase"]
[SourceDate "2016.12.12"]
[SourceVersion "1"]
[SourceVersionDate "2016.12.12"]
[SourceQuality "1"]

1. d4 Nf6 2. Bf4 g6 3. Nf3 Bg7 4. e3 0-0 5. h3 d5 6. Nbd2 b6 7. Be2 Bb7 8. Ne5 Nbd7 9. 0-0 Nxe5 10. Bxe5 Nd7 11. Bxg7 Kxg7 12. f4 Nf6 13. Qe1 e6 14. Nf3 Ne4 15. Bd3 f6 16. g4 h6 17. Kh2 Rh8 18. f5 exf5 19. gxf5 g5 20. Bxe4 dxe4 21. Nd2 c5 22. c3 Rc8 1/2-1/2

[Event "Klatovy op 22nd"]
[Site "Klatovy"]
[Date "2016.07.09"]
[Round "8"]
[White "Molkanov, Oleg"]
[Black "Novak, Jaromir"]
[Result "1/2-1/2"]
[WhiteElo "1860"]
[BlackElo "1904"]
[PlyCount "56"]
[EventDate "2016.07.02"]
[EventType "swiss"]
[EventRounds "9"]
[EventCountry "CZE"]
[SourceTitle "CBM 173 Extra"]
[Source "ChessBase"]
[SourceDate "2016.08.29"]
[SourceVersion "1"]
[SourceVersionDate "2016.08.29"]
[SourceQuality "1"]

1. e4 d6 2. d4 g6 3. c4 Bg7 4. Nc3 c6 5. Be3 Nd7 6. Qd2 e5 7. d5 c5 8. Bd3 Ngf6 9. f3 a6 10. Nge2 Nb6 11. 0-0-0 Bd7 12. g4 Na4 13. Bh6 0-0 14. h4 Nxc3 15. Nxc3 Qe7 16. Bg5 Rfb8 17. h5 Qf8 18. hxg6 fxg6 19. Rh3 h5 20. Rg3 hxg4 21. Bxf6 Qxf6 22. fxg4 Qf4 23. Rdg1 Qxd2+ 24. Kxd2 Rf8 25. R1g2 Kf7 26. Nd1 Ke7 27. Be2 g5 28. a3 Ba4 1/2-1/2

[Event "Klatovy op 22nd"]
[Site "Klatovy"]
[Date "2016.07.06"]
[Round "5"]
[White "Novak, Jaromir"]
[Black "Svoboda, Jaroslav"]
[Result "0-1"]
[WhiteElo "1904"]
[BlackElo "1711"]
[PlyCount "120"]
[EventDate "2016.07.02"]
[EventType "swiss"]
[EventRounds "9"]
[EventCountry "CZE"]
[SourceTitle "CBM 173 Extra"]
[Source "ChessBase"]
[SourceDate "2016.08.29"]
[SourceVersion "1"]
[SourceVersionDate "2016.08.29"]
[SourceQuality "1"]

1. d4 e6 2. c4 Nf6 3. Nc3 Be7 4. e4 d6 5. Bd3 0-0 6. f4 Nfd7 7. Nf3 Nc6 8. Be3 a6 9. 0-0 Nb4 10. Bb1 c5 11. d5 exd5 12. exd5 Nb6 13. Nd2 a5 14. a3 Na6 15. Bd3 f5 16. Nf3 Bf6 17. Bd2 Bd7 18. Qc2 g6 19. Rae1 a4 20. Nd1 Nc8 21. Bc3 Nc7 22. Bxf6 Qxf6 23. Qc3 b5 24. Qxf6 Rxf6 25. Nc3 b4 26. Na2 Rb8 27. Rb1 Rf8 28. Rfe1 h6 29. Kf2 Kf7 30. Nd2 Ne7 31. Nc1 g5 32. Ne2 Ng6 33. g3 Rfe8 34. h3 Kf6 35. Kf3 Re7 36. Kf2 Rbe8 37. fxg5+ hxg5 38. Ng1 Ne5 39. Bf1 Na8 40. Ngf3 Nb6 41. Nxe5 dxe5 42. axb4 cxb4 43. d6 Rh7 44. c5 Nc8 45. Bg2 Na7 46. Ra1 Rc8 47. Rec1 e4 48. Ke3 Bb5 49. Kd4 Nc6+ 50. Kd5 b3 51. Nc4 Nb4+ 52. Kd4 Nc2+ 53. Kc3 Rxc5 54. Bf1 Nxa1 55. Rxa1 Ra7 56. Kb4 Rd5 57. Ne3 Bxf1 58. Nxd5+ Ke5 59. Rxf1 Kxd5 60. Rxf5+ Kxd6 0-1

[Event "Klatovy op 22nd"]
[Site "Klatovy"]
[Date "2016.07.03"]
[Round "2"]
[White "Zilavy, Jan"]
[Black "Novak, Jaromir"]
[Result "1-0"]
[WhiteElo "2030"]
[BlackElo "1904"]
[PlyCount "95"]
[EventDate "2016.07.02"]
[EventType "swiss"]
[EventRounds "9"]
[EventCountry "CZE"]
[SourceTitle "CBM 173 Extra"]
[Source "ChessBase"]
[SourceDate "2016.08.29"]
[SourceVersion "1"]
[SourceVersionDate "2016.08.29"]
[SourceQuality "1"]

1. e4 e6 2. d3 d5 3. Qe2 Be7 4. Nf3 c5 5. g3 Nc6 6. Bg2 Nf6 7. 0-0 d4 8. e5 Nd5 9. h4 h6 10. Nbd2 Qc7 11. Re1 Bd7 12. a4 0-0-0 13. Nc4 Na5 14. Nfd2 Bc6 15. Nxa5 Qxa5 16. Nc4 Qc7 17. Bd2 b6 18. c3 dxc3 19. bxc3 Qb7 20. a5 Nxc3 21. Bxc3 Bxg2 22. axb6 axb6 23. Nxb6+ Qxb6 24. Kxg2 Qc6+ 25. Kg1 Kd7 26. Ra7+ Ke8 27. Rb1 Rd7 28. Qa2 Bd8 29. Rb8 Ke7 30. d4 Re8 31. dxc5 Bc7 32. Rxe8+ Kxe8 33. Qa4 Qxa4 34. Rxa4 Rd5 35. c6 Rc5 36. Ra8+ Bd8 37. c7 Rxc7 38. Ba5 Rd7 39. Kf1 h5 40. Ke2 f5 41. Ke3 Rd5 42. Bxd8 Rxd8 43. Rxd8+ Kxd8 44. Kd4 Kd7 45. Kc5 Kc7 46. f3 Kd7 47. Kb6 g5 48. f4 1-0

[Event "Klatovy op 22nd"]
[Site "Klatovy"]
[Date "2016.07.02"]
[Round "1"]
[White "Novak, Jaromir"]
[Black "Kuba, Stanislav"]
[Result "0-1"]
[WhiteElo "1904"]
[BlackElo "2156"]
[PlyCount "98"]
[EventDate "2016.07.02"]
[EventType "swiss"]
[EventRounds "9"]
[EventCountry "CZE"]
[SourceTitle "CBM 173 Extra"]
[Source "ChessBase"]
[SourceDate "2016.08.29"]
[SourceVersion "1"]
[SourceVersionDate "2016.08.29"]
[SourceQuality "1"]

1. d4 Nf6 2. Nf3 d5 3. c4 c6 4. e3 e6 5. Nc3 Nbd7 6. Bd3 Be7 7. 0-0 0-0 8. Qe2 Re8 9. e4 dxc4 10. Bxc4 b5 11. Bb3 b4 12. Na4 Qa5 13. Qc2 Ba6 14. Re1 Rac8 15. Bg5 c5 16. Nxc5 Nxc5 17. dxc5 Rxc5 18. Qd2 Rd8 19. Qe3 Ng4 20. Bxe7 Nxe3 21. Bxd8 Qxd8 22. Rxe3 g6 23. h3 Qc7 24. Ree1 Bc4 25. Bxc4 Rxc4 26. Re2 a5 27. b3 Rc3 28. Ne1 Qe5 29. Rd1 Kg7 30. f3 h5 31. Red2 h4 32. Rd8 Qc5+ 33. Kf1 Re3 34. R8d2 Rc3 35. Rd8 Qb5+ 36. Kf2 a4 37. bxa4 Qxa4 38. R8d2 Ra3 39. Nd3 Rxa2 40. Nxb4 Rxd2+ 41. Rxd2 Qxb4 42. Re2 e5 43. Re3 Kh6 44. Re2 Kg5 45. g3 Qd4+ 46. Kg2 Qd1 47. Rf2 hxg3 48. Kxg3 Qe1 49. Kg2 Kf4 0-1

[Event "Klatovy op"]
[Site "Klatovy"]
[Date "2014.07.01"]
[Round "4"]
[White "Novak, Jaromir"]
[Black "Palek, Miroslav"]
[Result "0-1"]
[WhiteElo "1911"]
[BlackElo "2225"]
[PlyCount "60"]
[EventDate "2014.06.28"]
[EventType "swiss"]
[EventRounds "9"]
[EventCountry "CZE"]
[SourceTitle "CBM 161 Extra"]
[Source "ChessBase"]
[SourceDate "2014.08.29"]
[SourceVersion "1"]
[SourceVersionDate "2014.08.29"]
[SourceQuality "1"]

1. d4 Nf6 2. Nf3 e6 3. c4 b6 4. g3 Bb7 5. Bg2 Bb4+ 6. Bd2 Be7 7. Nc3 0-0 8. 0-0 c5 9. e3 d5 10. cxd5 exd5 11. dxc5 bxc5 12. Ne2 Nbd7 13. Qc2 Rc8 14. Rfd1 Qb6 15. Rab1 d4 16. Ne1 Ne5 17. Bxb7 Qxb7 18. exd4 cxd4 19. Qf5 Qd5 20. a3 g6 21. Qh3 Qe4 22. Qf1 Rfd8 23. Nf4 Bc5 24. Nfd3 Bb6 25. f3 Qf5 26. Kg2 Nd5 27. Qe2 Nc4 28. Rdc1 Re8 29. Qf2 Rxe1 30. Rxc4 Rxb1 0-1

[Event "Brno Duras op-B"]
[Site "Brno"]
[Date "2014.06.29"]
[Round "2"]
[White "Pospisil, Patrik"]
[Black "Novak, Jaromir"]
[Result "1-0"]
[WhiteElo "1573"]
[BlackElo "1857"]
[PlyCount "115"]
[EventDate "2014.06.28"]
[EventType "swiss"]
[EventRounds "9"]
[EventCountry "CZE"]
[SourceTitle "EXT 2017"]
[Source "ChessBase"]
[SourceDate "2016.10.25"]
[SourceVersion "1"]
[SourceVersionDate "2016.10.25"]
[SourceQuality "1"]

1. e4 e6 2. d4 d5 3. e5 c5 4. c3 Nc6 5. Nf3 Qb6 6. a3 cxd4 7. cxd4 Nge7 8. g3 Nf5 9. Nc3 Nfxd4 10. Nxd4 Qxd4 11. Qxd4 Nxd4 12. Bb5+ Bd7 13. Bxd7+ Kxd7 14. 0-0 Nf3+ 15. Kg2 Nxe5 16. Rd1 Rc8 17. Bf4 Ng6 18. Be3 Bc5 19. Nxd5 exd5 20. Rxd5+ Bd6 21. Rad1 Rc6 22. Bc5 Ke6 23. Rxd6+ Rxd6 24. Rxd6+ Ke5 25. Rd7 b6 26. Bd4+ Ke6 27. Rxa7 Ne7 28. Rb7 f6 29. Rxb6+ Kd5 30. Bc3 h5 31. Rb7 Ke6 32. Kf3 Rd8 33. Ke2 Rd5 34. Rb6+ Kd7 35. Rb4 Kc6 36. Rc4+ Kb5 37. Rd4 Re5+ 38. Kd3 Nd5 39. a4+ Ka6 40. Kc4 Nb6+ 41. Kb3 Rf5 42. f4 g5 43. fxg5 fxg5 44. Rd6 Kb7 45. Bd4 Nc8 46. Rf6 Rd5 47. Kc4 Rd7 48. Rg6 Nd6+ 49. Kb4 Kc6 50. Bc5 g4 51. Rxd6+ Rxd6 52. Bxd6 Kxd6 53. Kb5 Kc7 54. Ka6 Kb8 55. Kb6 Ka8 56. b4 Kb8 57. b5 Ka8 58. Kc7 1-0

[Event "Brno Duras op-B"]
[Site "Brno"]
[Date "2012.06.27"]
[Round "6"]
[White "Novak, Jaromir"]
[Black "Krystl, Jaromir"]
[Result "1/2-1/2"]
[WhiteElo "1858"]
[BlackElo "1796"]
[PlyCount "80"]
[EventDate "2012.06.23"]
[EventType "tourn"]
[EventRounds "9"]
[EventCountry "CZE"]
[SourceTitle "CBM 149 Extra"]
[Source "ChessBase"]
[SourceDate "2012.08.24"]
[SourceVersion "1"]
[SourceVersionDate "2012.08.24"]
[SourceQuality "1"]

1. e4 c5 2. c3 d6 3. d4 Nf6 4. dxc5 Nc6 5. cxd6 Nxe4 6. dxe7 Qxd1+ 7. Kxd1 Bxe7 8. Be3 Bf5 9. Bb5 0-0-0+ 10. Ke2 Ne5 11. Bxa7 Rd5 12. c4 Rd3 13. f3 Rhd8 14. Bb6 R8d6 15. Be3 Bg5 16. Bxg5 Nxg5 17. c5 Re6 18. Bxd3 Nxd3+ 19. Kd2 Nf2 20. h4 Nxh1 21. hxg5 Rg6 22. f4 h6 23. Nf3 hxg5 24. Ne5 Re6 25. Nxf7 Ng3 26. Nd6+ Kc7 27. Nxf5 Nxf5 28. g4 Ng3 29. Nc3 gxf4 30. Nd5+ Kc6 31. Nxf4 Re4 32. Nd3 Kd5 33. Re1 Rxg4 34. Re7 Ne4+ 35. Kc2 Rg2+ 36. Kb3 Rg3 37. Kc2 Rg2+ 38. Kb1 Rg1+ 39. Kc2 Rg2+ 40. Kb3 Rg3 1/2-1/2

[Event "Brno Duras op-B"]
[Site "Brno"]
[Date "2012.06.25"]
[Round "4"]
[White "Novak, Jaromir"]
[Black "Kacalek, Tomas"]
[Result "1-0"]
[WhiteElo "1858"]
[BlackElo "1812"]
[PlyCount "21"]
[EventDate "2012.06.23"]
[EventType "tourn"]
[EventRounds "9"]
[EventCountry "CZE"]
[SourceTitle "CBM 149 Extra"]
[Source "ChessBase"]
[SourceDate "2012.08.24"]
[SourceVersion "1"]
[SourceVersionDate "2012.08.24"]
[SourceQuality "1"]

1. e4 e5 2. Nf3 Nc6 3. Bb5 a6 4. Ba4 Nf6 5. d4 Nxe4 6. 0-0 d5 7. Nxe5 Qf6 8. f3 b5 9. fxe4 Nxe5 10. Rxf6 Bg4 11. Rf3 1-0

[Event "Brno Duras op-B"]
[Site "Brno"]
[Date "2010.07.03"]
[Round "7"]
[White "Cermak, Jan"]
[Black "Novak, Jaromir"]
[Result "0-1"]
[WhiteElo "1518"]
[BlackElo "1859"]
[PlyCount "114"]
[EventDate "2010.06.27"]
[EventType "swiss"]
[EventRounds "9"]
[EventCountry "CZE"]
[SourceTitle "EXT 2011"]
[Source "ChessBase"]
[SourceDate "2010.11.26"]
[SourceVersion "1"]
[SourceVersionDate "2010.11.26"]
[SourceQuality "1"]

1. e4 e6 2. d4 d5 3. Nc3 Bb4 4. e5 c5 5. a3 Bxc3+ 6. bxc3 cxd4 7. cxd4 Qc7 8. Bd2 Nc6 9. Nf3 f6 10. Bb5 Bd7 11. exf6 Nxf6 12. 0-0 0-0 13. h3 a6 14. Bxc6 bxc6 15. Bb4 Rfe8 16. Ne5 a5 17. Bd2 c5 18. c3 Rf8 19. f3 Rab8 20. Rb1 Rxb1 21. Qxb1 Rb8 22. Qa2 Qb6 23. Be3 c4 24. Rf2 Ba4 25. Bc1 Qb1 26. Qd2 Rb3 27. Kh2 Rb7 28. Ng4 Qf5 29. Qe3 Bd7 30. Rb2 Rb3 31. Rxb3 cxb3 32. Nxf6+ gxf6 33. Kg1 Qc2 34. Qf4 Qxc3 35. Qg4+ Kf7 36. Qh5+ Ke7 37. Qxh7+ Kd6 38. Qb1 Qxd4+ 39. Kh1 a4 40. Bb2 Qf4 41. Qd3 Bc6 42. Kg1 e5 43. Kf2 Kc5 44. Qc3+ Qc4 45. Qa5+ Qb5 46. Qc3+ Kd6 47. g4 d4 48. Qd2 Qc4 49. h4 Qc2 50. Qxc2 bxc2 51. h5 Ke6 52. Bc1 Be8 53. Ke2 f5 54. h6 Bg6 55. gxf5+ Bxf5 56. Bd2 Kd5 57. Bc1 Kc4 0-1